| 000 | 00329nam a2200133Ia 4500 | ||
|---|---|---|---|
| 005 | 20260328101448.0 | ||
| 008 | 260328s9999||||xx |||||||||||||| ||und|| | ||
| 100 | _aSharp, Dennis | ||
| 245 | 0 |
_aSources of Modern Architecture / _cDennis Sharp |
|
| 260 | _bLund Humphries | ||
| 300 | _a56 p. | ||
| 650 | _aARQUITECTOS | ||
| 942 | _cBK | ||
| 999 |
_c8520 _d8520 |
||